Qualitative analysis of physical problems /

Guardado en:
Autor Principal: Gitterman, M.
Otros Autores: Halpern, V. 1939-
Formato: Libro
Idioma:English
Publicado: New York : Academic Press, 1981.
Materias:
Etiquetas: Agregar Etiqueta
Sin Etiquetas, Sea el primero en etiquetar este registro!
LEADER 00959cam a2200229 a 4500
001 MAT.inmabb002648
008 801003s1981####nyua#####b####001#0#eng##
005 20130430174514.0
245 1 0 |a Qualitative analysis of physical problems /  |c M. Gitterman, V. Halpern. 
260 |a New York :  |b Academic Press,  |c 1981. 
300 |a xiv, 274 p. :  |b il. ;  |c 24 cm. 
504 |a Bibliografía: p. 265-271. 
505 0 |a 1. The construction of models -- 2. Dimensional analysis -- 3. Symmetry -- 4. Analytical and related properties -- 5. The method of the small parameter -- 6. Epilogue: Example of the application of the above methods to a problem in nonlinear optics. 
020 |a 0122851501 
100 1 |a Gitterman, M. 
700 1 |a Halpern, V.  |q (Vivian),  |d 1939- 
650 0 |a Physics  |x Methodology. 
650 0 |a Physics  |x Mathematical models. 
084 |a 00A79  |2 msc2000 
010 |a  80025096  
040 |a DLC  |c DLC  |d DLC 
859 |h 00A79  |i G536  |p A-5086  |b BIB. MATEMATICA